LECTURE NOTES EPIDEMIOLOGY AND PUBLIC HEALTH MEDICINE (Record no. 15192)

MARC details
000 -LEADER
fixed length control field 00442nam a22001697a 4500
003 - CONTROL NUMBER IDENTIFIER
control field OSt
005 - DATE AND TIME OF LATEST TRANSACTION
control field 20211027094608.0
008 - FIXED-LENGTH DATA ELEMENTS--GENERAL INFORMATION
fixed length control field 211027b |||||||| |||| 00| 0 eng d
020 ## - INTERNATIONAL STANDARD BOOK NUMBER
International Standard Book Number 1-4051-0674-3
040 ## - CATALOGING SOURCE
Original cataloging agency dd
Transcribing agency HU
082 ## - DEWEY DECIMAL CLASSIFICATION NUMBER
Edition number 5TH
Classification number 614.4
Item number 4
100 ## - MAIN ENTRY--PERSONAL NAME
Personal name FARMER RICHARD
9 (RLIN) 15767
245 ## - TITLE STATEMENT
Title LECTURE NOTES EPIDEMIOLOGY AND PUBLIC HEALTH MEDICINE
250 ## - EDITION STATEMENT
Edition statement 5TH
260 ## - PUBLICATION, DISTRIBUTION, ETC.
Place of publication, distribution, etc. USA
Name of publisher, distributor, etc. BLACKWELL PUBLISHING
Date of publication, distribution, etc. 2004
942 ## - ADDED ENTRY ELEMENTS (KOHA)
Source of classification or shelving scheme Dewey Decimal Classification
Koha item type Books like text book referance book
Suppress in OPAC No
Holdings
Withdrawn status Lost status Source of classification or shelving scheme Damaged status Not for loan Home library Current library Date acquired Total Checkouts Full call number Barcode Date last seen Copy number Price effective from Koha item type
    Dewey Decimal Classification     College of Medicine and Health’s Sciences Library College of Medicine and Health’s Sciences Library 10/27/2021   614.4-F3-2004 CMHSL00003922 10/27/2021 1 10/27/2021 Books like text book referance book
    Dewey Decimal Classification     College of Medicine and Health’s Sciences Library College of Medicine and Health’s Sciences Library 10/27/2021   614.4-F3-2004 CMHSL00003923 10/27/2021 2 10/27/2021 Books like text book referance book
    Dewey Decimal Classification     College of Medicine and Health’s Sciences Library College of Medicine and Health’s Sciences Library 10/27/2021   614.4-F3-2004 CMHSL00003924 10/27/2021 3 10/27/2021 Books like text book referance book
    Dewey Decimal Classification     College of Medicine and Health’s Sciences Library College of Medicine and Health’s Sciences Library 10/27/2021   614.4-F3-2004 CMHSL00003925 10/27/2021 4 10/27/2021 Books like text book referance book